000
00328 a2200145 4500
001
151767
040
_c
Escola São Tomás de Aquino
100
_a
HIRATSUKA, Lúcia
240
1
0
_a
Os livros de Sayuri
_l
por
245
1
0
_a
Os livros de Sayuri
300
_a
141
362
0
_a
2012
697
_a
*LITERATURA JUVENIL
942
_c
BK
999
_c
151767
_d
151767